000 01037cam a22002055i 4500
001 647
005 20230628090043.0
008 141229s2015 ctu 000 0 eng
020 _a9780985481094
040 _aDLC
_beng
_erda
_cDLC
100 1 _aGreci, Paul.
245 1 0 _aSurviving bear Island /
_cPaul Greci.
300 _apages cm
505 _aM
520 _aThis thrilling adventure begins after a sea kayaking trip takes a dangerous turn and Tom Parker is stranded on the remote, outer coast of the unpopulated Bear Island in the rough terrains of the Alaskan wilderness. With only a small survival kit in his pocket, Tom finds himself soaked and freezing, and worst of all--alone. Desperate to find his father, Tom doesn't know how long he can survive and he must put his skills to the test as he fights to reach safety. Will Tom make it through a wilderness full of bears and other dangers?
521 _a780
_bLexile
521 _aM
_bRaz-Plus
906 _a0
_bibc
_corignew
_d2
_eepcn
_f20
_gy-gencatlg
942 _2ddc
_cBK
_n0
999 _c647
_d647